000 nam a22 7a 4500
999 _c342262
_d342262
003 NUST
005 20171215092509.0
008 171215b xxu||||| |||| 00| 0 eng d
020 _a9789380428345
040 _c0
082 _a660.62 ANI
100 _aAnitha,K.G
_97307
245 _aIndustrial Microbiology:
_ba text book
_cDr,.K.G.Anitha
260 _aNew Delhi
_bNarendra
_c2011.
300 _a186p.
500 _aH.B
942 _2ddc
_cBK
_kIESE